000 01478nam a22002897a 4500
999 _c21915
_d21915
003 AR-CdUCM
008 190425b ||||| |||| 00| 0 spa d
040 _aMUNICIPALIDAD PROVINCIAL DEL CUSCO
_cBIBLIOTECA MUNICIPAL DEL CUSCO
082 _aRev.Letras/N°2/1948
110 _aUniversidad Nacional del Cuzco
_923977
245 _aRevista Letras :
_bórgano de la facultad de Letras de la Universidad Nacional del Cuzco /
_cEulogio Tapia Olarte, director
260 _aCusco :
_bH.G. Rozas,
_c1948.
300 _a210 páginas. :
_c22 cm.
440 _aUniversidad del Cuzco.
_nAño 1, Segundo semestre de 1948. N°2
_946813
505 _aContenido: Homenaje a Miguel de Cervantes Saavedra en el cuarto centenario de su nacimiento. José Gabriel Cosio. -- Historiosofía de Berdiaeff. Astete Abril. -- Francisco Zubiaga. Jorge Cornejo Bouroncle. -- Los Gobernadores de Cajamarca. Horacio Villanueva. -- Fray Vicente Valverde protector de los indios y su obra. Julián Santisteban Ochoa. -- Una Tupaj Amaro en España. Julian Santisteban Ochoa.
650 _aNarrativa cusqueña
_910453
650 _aEscritores cusqueños
_910661
650 _aLiteratura cusqueña
_946804
650 _aHistoria del Cusco
_91714
650 _aFrancisca Zubiaga
_946814
700 _aTapia Olarte, Eulogio
_932463
700 _aCornejo Bouroncle, Jorge
_915278
700 _aVillanueva Urteaga, Horacio
_95790
700 _aCosio, José Gabriel
_911720
942 _2ddc
_cPP
945 _arac